Detalles MARC
| 000 -CABECERA |
| campo de control de longitud fija |
03365nam a2200325 a 4500 |
| 001 - NÚMERO DE CONTROL |
| campo de control |
000046688 |
| 003 - IDENTIFICADOR DEL NÚMERO DE CONTROL |
| campo de control |
DO-SdBPM |
| 005 - FECHA Y HORA DE LA ÚLTIMA TRANSACCIÓN |
| campo de control |
20251021100314.0 |
| 007 - CAMPO FIJO DE DESCRIPCIÓN FÍSICA--INFORMACIÓN GENERAL |
| campo de control de longitud fija |
ta |
| 008 - DATOS DE LONGITUD FIJA--INFORMACIÓN GENERAL |
| campo de control de longitud fija |
180319s2017 dr 000 spa d |
| 020 ## - NÚMERO INTERNACIONAL ESTÁNDAR DEL LIBRO |
| Número Internacional Estándar del Libro |
9789945503012 |
| 040 ## - FUENTE DE LA CATALOGACIÓN |
| Centro catalogador/agencia de origen |
DO-SdBPM |
| Lengua de catalogación |
spa |
| Centro/agencia transcriptor |
BPMSU |
| Centro/agencia modificador |
rda |
| 082 #4 - NÚMERO DE LA CLASIFICACIÓN DECIMAL DEWEY |
| Número de clasificación |
868.5 |
| Número de documento/Ítem |
C719v 2017 |
| Número de edición |
22 |
| 245 00 - MENCIÓN DE TÍTULO |
| Título |
Coloquios 2016/ |
| Resto del título |
Tony Raful Tejeda...[y otros veintiunuo] |
| 246 14 - FORMA VARIANTE DE TÍTULO |
| Título propio/Titulo breve |
Coloquios : |
| Resto del título |
Feria Internacional del libro 2016 |
| 264 ## - PRODUCCIÓN, PUBLICACIÓN, DISTRIBUCIÓN, FABRICACIÓN Y COPYRIGHT |
| Producción, publicación, distribución, fabricación y copyright |
Santo Domingo : |
| Nombre del de productor, editor, distribuidor, fabricante |
Editora Nacional, |
| Fecha de producción, publicación, distribución, fabricación o copyright |
2017. |
| 300 ## - DESCRIPCIÓN FÍSICA |
| Extensión |
227 páginas ; |
| Dimensiones |
21 cm. |
| 336 ## - TIPO DE CONTENIDO |
| Término de tipo de contenido |
texto |
| Código de tipo de contenido |
txt |
| Fuente |
rdacontent |
| 337 ## - TIPO DE MEDIO |
| Nombre/término del tipo de medio |
sin mediación |
| Código del tipo de medio |
n |
| Fuente |
rdamedia |
| 338 ## - TIPO DE SOPORTE |
| Nombre/término del tipo de soporte |
volumen |
| Código del tipo de soporte |
nc |
| Fuente |
rdacarrier |
| 505 0# - NOTA DE CONTENIDO CON FORMATO |
| Nota de contenido con formato |
Sobre la narrativa y vida de Pedro Peix ; Tony Raful Tejeda -- Pedro Peix: Collages que desnudan el artificio verbal de la ficción ; Carlos Sangiovanni -- La técnica como angustia del escritor ; Andrés L. Mateo -- la revolución lingüística de Saussure (1916-2016) ; Carlisle González Tapia -- Aportes de Saussure a la enseñanza de la lingüística en la República Dominicana ; Bartolo García Molina -- El partido del signo y su teoría lingüística ; Diógenes Céspedes -- Notas para una relectura del Curso de lingüística general de Ferdinand de Saussure ; Manuel Matos Moquete -- Salomé Ureña esboza una nación moderna ; Ángela Hernández -- La poesía patriótica y romántica de Salomé Ureña ; Eleonor Grimaldi Silié /--Figuraciones del amor en las obras de Salomé Ureña ; Pura Emeterio Rondón -- La primera intervención militar norteamericana un siglo después. Antecedentes y causas externas ; E. Augusto Bravo -- La ocupación americana de 1916-1924. Notas de un centenario ; José del Castillo -- Los espacios de la vigilancia durante la primera ocupación militar estadounidense ; María Filomena González Canalda -- La libertad en el Quijote ; Dr. Enrique Sánchez Costa -- Don Quijote: caballero andante de la locura ; Dr. Jesús Losada -- El coloquio de los perros: una pequeña muestra del genio de Cervantes ; Eugenio Camacho -- Rubén Darío, el legado de un defensor de la poesía en la teoría y en la praxis escritural ; Mateo Morrison -- Vigencia ideal de Rubén Darío. Ensayo sobre el azul en la edad tecnológica; Gonzalo Martín de Marcos -- A un siglo de la muerte de Rubén Darío. Legado, vigencia y renovación; Luis Ricardo Arévalo Arias. |
| 520 ## - SUMARIO, ETC. |
| Sumario, etc. |
Este libro recoge los principales coloquios realizados en el marco de la pasada Feria Internacional del Libro de Santo Domingo. La lectura de esas intervenciones de escritores y académicos nos permite adentrarnos en la obra de autores fundamentales como Salomé Ureña en el ámbito nacional, y Cervantes y Rubén Darío en el internacional. También en ese evento se abordó la narrativa de Pedro Peix, el Curso de Lingüística General de Saussure y la primera intervención militar norteamericana en el país. Todo ello compone un mapa intelectual de los principales temas tratados en la FIL Santo Domingo 2016. |
| 590 ## - NOTA LOCAL (RLIN) |
| Nota local |
Inventariado,2025/VM |
| 600 14 - PUNTO DE ACCESO ADICIONAL DE MATERIA--NOMBRE DE PERSONA |
| Nombre de persona |
Peix, Pedro |
| Fechas asociadas al nombre |
1952-2015 |
| Subdivisión general |
Crítica e interpretación |
| 650 #7 - PUNTO DE ACCESO ADICIONAL DE MATERIA--TÉRMINO DE MATERIA |
| Término de materia o nombre geográfico como elemento de entrada |
Literatura dominicana |
| Subdivisión de forma |
Ensayos, conferencias |
| 650 #7 - PUNTO DE ACCESO ADICIONAL DE MATERIA--TÉRMINO DE MATERIA |
| Término de materia o nombre geográfico como elemento de entrada |
Literatura dominicana |
| Subdivisión general |
Historia y critica |
| 710 2# - PUNTO DE ACCESO ADICIONAL--NOMBRE DE ENTIDAD CORPORATIVA |
| Nombre de entidad corporativa o nombre de jurisdicción como elemento de entrada |
Feria Internacional de Libro Santo Domingo |
| 910 ## - DATOS DE OPCIÓN DEL USUARIO (OCLC) |
| Datos de opción del usuario |
VMateo V. Control de calidad. BPMSU |
| 942 ## - ELEMENTOS DE PUNTO DE ACCESO ADICIONAL (KOHA) |
| Fuente del sistema de clasificación o colocación |
Dewey Decimal Classification |
| Tipo de ítem Koha |
Libros |